| 000 | 00485nam a2200133Ia 4500 | ||
|---|---|---|---|
| 008 | 260210s9999 xx 000 0 und d | ||
| 024 | _a98A-002-CS, 98A-030-CS, 98A-015-CS & 98A-011-CS | ||
| 082 | _a004.64072 ALI | ||
| 100 | _aAli Akbar, Aqeel Farooqi, Syed Zulfiqar Ahmed & Mohammad Emad Ullah Sharif | ||
| 245 | 0 | _aOffsite Monitoring & Controlling | |
| 260 |
_aKarachi: _bUITU, _c1998 |
||
| 600 | _aComputer System Engineering | ||
| 650 | _aBachelor of Engineering (BE) | ||
| 999 |
_c32604 _d32604 |
||